Camino de fuego / (Record no. 30486)
[ view plain ]
| 000 -CABECERA | |
|---|---|
| campo de control de longitud fija | 00397nam a2200145 a 4500 |
| 001 - NÚMERO DE CONTROL | |
| campo de control | 000030994 |
| 005 - FECHA Y HORA DE LA ÚLTIMA TRANSACCIÓN | |
| campo de control | 20200930062633.0 |
| 008 - DATOS DE LONGITUD FIJA--INFORMACIÓN GENERAL | |
| campo de control de longitud fija | 110609s1941 ch 000 0 spa d |
| 040 ## - FUENTE DE LA CATALOGACIÓN | |
| Centro catalogador/agencia de origen | DO-SdBNP |
| Lengua de catalogación | spa |
| Centro/agencia transcriptor | BNPHU |
| 049 ## - FONDOS LOCALES (OCLC) | |
| Fondos de biblioteca | BNPD |
| 100 1# - ENTRADA PRINCIPAL--NOMBRE DE PERSONA | |
| Nombre de persona | Requena, Andrés, |
| 9 (RLIN) | 57504 |
| 245 10 - MENCIÓN DE TÍTULO | |
| Título | Camino de fuego / |
| Mención de responsabilidad, etc. | Andrés Requena. |
| 260 ## - PUBLICACIÓN, DISTRIBUCIÓN, ETC. | |
| Lugar de publicación, distribución, etc. | Santiago : |
| Nombre del editor, distribuidor, etc. | Ediciones Ercilla, |
| Fecha de publicación, distribución, etc. | 1941. |
| 300 ## - DESCRIPCIÓN FÍSICA | |
| Extensión | 177 p. ; |
| Dimensiones | 19 cm. |
| Estado de retiro | Estado de pérdida | Restricciones de uso | No para préstamo | Código de colección | Localización permanente | Ubicación/localización actual | Ubicación en estantería | Fecha de adquisición | Número de inventario | Total de préstamos | Signatura topográfica completa | Código de barras | Fecha visto por última vez | Precio válido a partir de | Tipo de ítem Koha |
|---|---|---|---|---|---|---|---|---|---|---|---|---|---|---|---|
| Excluido de préstamo | Monografías: Libros y Folletos | Patrimonio Dominicano | Patrimonio Dominicano | En catalogación | 09.06.2011 | LF1 | 30994-10 | 25.06.2020 | 25.06.2020 | No se presta |
